000 00430nam a2200157Ia 4500
008 210716s2003 xx 000 0 und d
020 _a8126115203
041 _aeng
082 _a519.5 SRIS
100 _aSrivastava, S C;Srivastava, Sangya.
245 _aFundamentals of statistics.
250 _a1
260 _aNew Delhi
_bAnmol Publications Pvt Ltd
_c2003
300 _axiv,1302
650 _aStatistical Mathematics(519.5)
999 _c199153
_d199153